Balkan Journal of Interdisciplinary Research

Bibliographic Details
Format: eBook
Language:English
Published: Barcelona: Editorial vLex, 2015 -
Subjects:
Online Access:Acceso restringido

MARC

LEADER 00000nam a22000007a 4500
005 20201103211441.0
007 cr|||| ||||
008 201103c20159999eu qr|w s|||| 0|||b1eng d
022 |a 2410-759X 
035 |a 32204 
040 |a vLex 
090 |c 10829  |d 10829 
245 0 0 |a Balkan Journal of Interdisciplinary Research  |h [Recurso electrn̤ico] / 
256 |a Servicio en ln̕ea 
260 |a Barcelona:  |b Editorial vLex,  |c 2015 - 
300 |a 1 recurso electrn̤ico 
310 |a Cuatrimestral 
362 |a Nð 1-1 (May. 2015) - 
506 1 |a Disponible solo en los productos indicados  |d vLex Global  |d vLex Global (Academic Edition, excluding Law Schools)  |d vLex Global (U.S. Academic Edition, Law Schools)  |d vLex Global (U.S. Academic Edition, excluding Law Schools)  |d vLex Global (Academic Edition, Law Schools) 
650 0 4 |a Derecho Pb︢lico y Administrativo  |z Unin̤ Europea 
740 0 |a vLex Revistas (Servicio en ln̕ea) 
856 4 0 |u http://vlex.com/source/balkan-journal-interdisciplinary-research-32204  |z Acceso restringido 
942 |c REV 
999 0 |a Public and Administrative Law